| 000 | 00545nam a2200169Ia 4500 | ||
|---|---|---|---|
| 008 | 220216s9999 xx 000 0 und d | ||
| 100 | _aMathew J. | ||
| 245 | 0 | _aWaste management | |
| 260 |
_bIn: Natural rubber: Agromanagement and crop processing. (Eds. P.J. George and C. Kuruvilla Jacob). Rubber Research Institute of India, Kottayam, India, pp. 479-492. _c2000 |
||
| 650 | _aBiogas | ||
| 650 | _aEffluent treatment | ||
| 650 | _aSolid waste | ||
| 700 | _aGeorge E.S. | ||
| 700 | _aJoseph K.[a] | ||
| 700 | _aKumaran M.G. | ||
| 942 | _cBS | ||
| 999 |
_c52652 _d52652 |
||